000 00742nam a2200217 a 4500
001 000038450
003 DO-SdBNP
005 20260305073951.0
007 ta
008 130411s1986 dr 000 0 spa d
040 _aDO-SdBNP
_bspa
_cBNPHU
082 _axxx
_bM938p
_222
100 1 _aMoya Pons, Frank,
_d1944-
_92095
245 1 3 _aEl pasado dominicano /
_cFrank Moya Pons.
260 _aSanto Domingo :
_bFundación J.A. Caro Alvarez,
_c1986.
300 _a401 p. ;
_c24 cm.
505 0 _tPrimera parte : La síntesis --
_tSegunda parte : La sociedad dominicana --
_tTercera parte : la modernización y las ideas --
_tCuarta parte : La escena compotemporánea --
590 _aInventariado, 2023 / DG
910 _aDG
942 _2ddc
_cLBS1
999 _c37940
_d37940